Ialam and the Challenge of Human Rights (Record no. 20332)

MARC details
000 -LEADER
fixed length control field 00338nam a22001337a 4500
020 ## - INTERNATIONAL STANDARD BOOK NUMBER
ISBN 978-0-19-934717-9
082 ## - DEWEY DECIMAL CLASSIFICATION NUMBER
Classification number 297.1 SAC
100 ## - MAIN ENTRY--AUTHOR NAME
Author name Sachedina, Abdulaziz
245 ## - TITLE STATEMENT
Title Ialam and the Challenge of Human Rights
260 ## - PUBLICATION, DISTRIBUTION, ETC. (IMPRINT)
Place of publication New Yark
Name of publisher Oxford University Press
Year of publication 2014
300 ## - PHYSICAL DESCRIPTION
Number of Pages 248
650 ## - SUBJECT ADDED ENTRY--TOPICAL TERM
Topical Term Islam 20th Century
942 ## - ADDED ENTRY ELEMENTS (KOHA)
Koha item type Books
Holdings
Home library Current library Date acquired Source of acquisition Cost, normal purchase price Full call number Accession Number Koha item type
Henry Martyn Institute Library Henry Martyn Institute Library 03/08/2017 amazon 995.00 297.1 SAC 25193 Books
                   Copyright © 2026 | Henry Martyn Institute | Hyderabad | TS-500052 | INDIA | Implemented by hmi.edu.in
Hit-Count:

Powered by Koha